00397 2200157 4500001002100000005001500021035002000036245005500056100003000111250000600141300001200147260003800159082001200197084001800209990001200227INLIS00000000000231020250528085247 a0010-05250006021 aKomunikasi Elektronik /cDennis Roddy, Jobs Cooler0 aDennis Roddy, Jobs Cooler a1 a366 hlm aJakarta :bPT Prenhallindo,c2001 a621.382 a621.382 DEN k a0712604